Counties of Saxony - Statistics

General Stats
  • This quiz has been taken 27 times
  • The average score is 11 of 13
Answer Stats
County % Correct
Landkreis Leipzig
100%
Leipzig
100%
Chemnitz
95%
Dresden
95%
Erzgebirgskreis
85%
Görlitz
85%
Vogtlandkreis
80%
Bautzen
75%
Sächsische Schweiz-Osterzgebirge
70%
Zwickau
70%
Meißen
65%
Mittelsachsen
65%
Nordsachsen
65%
No matching quizzes found
Score Distribution
Percent of People with Each Score
Percentile by Number Answered
Your Score History
You have not taken this quiz